Multiple Choice Movie Quiz - Back To The Future (1) - Statistics

General Stats
  • This quiz has been taken 79 times
    72 since last reset
  • The average score is 8 of 10
Answer Stats
Question Answer % Correct
What car did they use for this movie? Delorean
98%
Who was Marty McFly's girlfriend? Jennifer Parker
97%
What was the name of Doc's dog? Einstein
94%
What time were they sent to in the first movie? 1955
91%
What did Marty use to charge the time machine to get back home? Lightning bolt
91%
What year did Back To The Future (part 1) release? 1985
89%
What country were the terrorist from who attacked Doc at the mall? Libya
88%
After time-traveling, what did Marty find out he had none of that was important to get back home? Plutonium
86%
What mall did Marty and Doc meet at to travel back in time? Twin Pines
85%
How much money did Back To The Future make at the Box Office? $389 million
29%
No matching quizzes found
Score Distribution
Percent of People with Each Score
Percentile by Number Answered
Your Score History
You have not taken this quiz since the last reset